El Lenguaje Humano. Léxico fundamental para la iniciación lingüística.
-д хадгалсан:
| Үндсэн зохиолч: | |
|---|---|
| Бусад зохиолчид: | |
| Формат: | Ном |
| Хэл сонгох: | испани |
| Хэвлэсэн: |
Valparaíso, Chile:
Ediciones Universitarias de Valparaíso; Pontificia Universidad Católica de Valparaíso,
2005.
|
| Цуврал: | Educación.
|
| Нөхцлүүд: | |
| Шошгууд: |
Шошго нэмэх
Шошго байхгүй, Энэхүү баримтыг шошголох эхний хүн болох!
|
MARC
| LEADER | 00000nam a2200000 a 4500 | ||
|---|---|---|---|
| 001 | UCK3900 | ||
| 003 | CL-VaPUC | ||
| 005 | 20241108160722.0 | ||
| 008 | 050513e20050000CL |||||||||||||||||spa|d | ||
| 999 | |c 312945 |d 312943 | ||
| 020 | |a 956-17-0364-5 | ||
| 040 | |c Pontificia Universidad Católica de Valparaíso | ||
| 082 | 0 | 4 | |a 413 GOM 2005 |2 21 |
| 100 | |a Gómez Macker, Luis Adolfo |e autor |9 492261 | ||
| 245 | 1 | 3 | |a El Lenguaje Humano. |b Léxico fundamental para la iniciación lingüística. |
| 260 | |a Valparaíso, Chile: |b Ediciones Universitarias de Valparaíso; |b Pontificia Universidad Católica de Valparaíso, |c 2005. | ||
| 300 | |a 249 páginas. | ||
| 490 | 0 | |a Educación. | |
| 500 | |a c.114 Donación Familia Prof. Alejandro Guzmán Brito. | ||
| 583 | |a last modification |c 20150924 22:06:29 |k Rodrigo Vera | ||
| 650 | 0 | |a Lingüística |9 265068 | |
| 650 | 0 | |a Diccionarios |9 256200 | |
| 650 | 0 | |a Archivo histórico PUCV |9 255554 | |
| 650 | 0 | |a Académicos |x Pontificia Universidad Católica de Valparaíso (PUCV) |9 255553 | |
| 700 | |a Peronard Thierry, Marianne |e autora |9 781268 | ||
| 942 | |c BK |2 ddc |n 0 | ||
| 945 | |d 20050513 00:00:00 |a cmena | ||
| 952 | |0 0 |1 0 |4 0 |6 413_000000000000000_GOM_2005 |7 0 |8 A |9 383850 |a FDOPOS |b FDOPOS |d 2019-11-22 |i 4128087 |o 413 GOM 2005 |p 4128087 |r 2025-01-22 |w 2019-11-22 |y BK |k MLA | ||
| 952 | |0 0 |1 0 |4 0 |6 413_000000000000000_GOM_2005 |7 0 |8 A |9 383851 |a FDOPOS |b FDOPOS |d 2019-11-22 |i 4128095 |o 413 GOM 2005 |p 4128095 |r 2025-01-22 |w 2019-11-22 |y BK |k MLA | ||
| 952 | |0 0 |1 0 |4 0 |6 413_000000000000000_GOM_2005 |7 0 |8 A |9 383852 |a FDOPOS |b BIBEDU |d 2019-11-22 |i 4128109 |l 2 |o 413 GOM 2005 |p 4128109 |r 2025-01-22 |s 2023-08-11 |w 2019-11-22 |y BK |k MLA | ||
| 952 | |0 0 |1 0 |4 0 |6 413_000000000000000_GOM_2005 |7 0 |8 A |9 383853 |a BIBEDU |b BIBEDU |d 2019-11-22 |i 4128117 |o 413 GOM 2005 |p 4128117 |r 2019-11-22 |w 2019-11-22 |y BK |k EDU | ||
| 952 | |0 0 |1 0 |4 0 |6 413_000000000000000_GOM_2005 |7 0 |8 A |9 383854 |a BIBEDU |b BIBEDU |d 2019-11-22 |i 4128125 |o 413 GOM 2005 |p 4128125 |r 2019-11-22 |w 2019-11-22 |y BK |k EDU | ||
| 952 | |0 0 |1 0 |4 0 |6 413_000000000000000_GOM_2005 |7 0 |8 A |9 383855 |a BIBEDU |b BIBEDU |d 2019-11-22 |i 4128133 |o 413 GOM 2005 |p 4128133 |r 2019-11-22 |w 2019-11-22 |y BK |k EDU | ||
| 952 | |0 0 |1 0 |4 0 |6 413_000000000000000_GOM_2005 |7 0 |8 A |9 383856 |a BIBEDU |b BIBEDU |d 2019-11-22 |i 4128141 |o 413 GOM 2005 |p 4128141 |r 2019-11-22 |w 2019-11-22 |y BK |k EDU | ||
| 952 | |0 0 |1 0 |4 0 |6 413_000000000000000_GOM_2005 |7 0 |8 A |9 383857 |a BIBEDU |b BIBEDU |d 2019-11-22 |i 412815K |o 413 GOM 2005 |p 412815K |r 2019-11-22 |w 2019-11-22 |y BK |k LIT | ||
| 952 | |0 0 |1 0 |4 0 |6 413_000000000000000_GOM_2005 |7 0 |8 A |9 383858 |a BIBEDU |b BIBEDU |d 2019-11-22 |i 4128168 |o 413 GOM 2005 |p 4128168 |r 2019-11-22 |w 2019-11-22 |y BK |k LIT | ||
| 952 | |0 0 |1 0 |4 0 |6 413_000000000000000_GOM_2005 |7 0 |8 A |9 383859 |a BIBEDU |b BIBEDU |d 2019-11-22 |i 4128176 |o 413 GOM 2005 |p 4128176 |r 2019-11-22 |w 2019-11-22 |y BK |k LIT | ||
| 952 | |0 0 |1 0 |4 0 |6 413_000000000000000_GOM_2005 |7 0 |8 A |9 383860 |a BIBEDU |b BIBEDU |d 2019-11-22 |i 4128184 |o 413 GOM 2005 |p 4128184 |r 2019-11-22 |w 2019-11-22 |y BK |k LIT | ||
| 952 | |0 0 |1 0 |4 0 |6 413_000000000000000_GOM_2005 |7 0 |8 A |9 383861 |a BIBEDU |b BIBEDU |d 2019-11-22 |i 4128192 |o 413 GOM 2005 |p 4128192 |r 2019-11-22 |w 2019-11-22 |y BK |k LIT | ||
| 952 | |0 0 |1 0 |4 0 |6 413_000000000000000_GOM_2005 |7 0 |8 P |9 383862 |a BIBDER |b BIBDER |d 2019-11-22 |i 4128214 |o 413 GOM 2005 |p 4128214 |r 2023-01-25 |w 2019-11-22 |y BK |k DER | ||
| 952 | |0 0 |1 0 |4 0 |6 413_000000000000000_GOM_2005 |7 0 |8 A |9 383863 |a BIBARQ |b BIBARQ |d 2019-11-22 |i 4128222 |o 413 GOM 2005 |p 4128222 |r 2025-01-20 |w 2019-11-22 |y BK |k ARQ | ||
| 952 | |0 0 |1 0 |4 0 |6 413_000000000000000_GOM_2005 |7 0 |8 A |9 383864 |a BIBMEC |b BIBMEC |d 2019-11-22 |i 4128230 |o 413 GOM 2005 |p 4128230 |r 2024-01-19 |w 2019-11-22 |y BK |k MEC | ||
| 952 | |0 0 |1 0 |4 0 |6 413_000000000000000_GOM_2005 |7 0 |8 R |9 383865 |a BIBEDU |b BIBEDU |d 2019-11-22 |i 4128257 |o 413 GOM 2005 |p 4128257 |r 2023-01-12 |w 2019-11-22 |y BK_R |k MUS | ||
| 952 | |0 0 |1 0 |2 ddc |4 0 |6 413_000000000000000_GOM_2005 |7 0 |8 A |9 383866 |a BIBCUR |b BIBCUR |d 2019-11-22 |i 4128265 |o 413 GOM 2005 |p 4128265 |r 2025-04-22 |w 2019-11-22 |y BK |k PER | ||
| 952 | |0 0 |1 0 |4 0 |6 413_000000000000000_GOM_2005 |7 0 |8 A |9 383867 |a BIBHIS |b BIBHIS |d 2019-11-22 |i 4128273 |o 413 GOM 2005 |p 4128273 |r 2025-01-20 |w 2019-11-22 |y BK |k HIS | ||
| 952 | |0 0 |1 0 |4 0 |6 413_000000000000000_GOM_2005 |7 0 |8 A |9 383868 |a BIBAGR |b BIBAGR |d 2019-11-22 |i 4128281 |o 413 GOM 2005 |p 4128281 |r 2024-01-30 |w 2019-11-22 |y BK |k AGR | ||
| 952 | |0 0 |1 0 |4 0 |6 413_000000000000000_GOM_2005 |7 0 |8 X |9 383870 |a BIBCUR |b BIBCUR |d 2019-11-22 |i 4128303 |o 413 GOM 2005 |p 4128303 |r 2025-04-22 |w 2019-11-22 |y BK_X |k BCB | ||
| 952 | |0 0 |1 0 |4 0 |6 413_000000000000000_GOM_2005 |7 0 |8 X |9 383871 |a BIBING |b BIBING |d 2019-11-22 |i 4128311 |o 413 GOM 2005 |p 4128311 |r 2025-01-20 |w 2019-11-22 |y BK_X |k ING | ||
| 952 | |0 0 |1 0 |2 ddc |4 0 |6 413_000000000000000_GOM_2005 |7 0 |8 A |9 383872 |a BIBALI |b BIBALI |c GEN |d 2019-11-22 |i 412832K |o 413 GOM 2005 |p 412832K |r 2025-01-20 |w 2019-11-22 |y BK |k ALI | ||
| 952 | |0 0 |1 0 |4 0 |6 413_000000000000000_GOM_2005 |7 0 |8 A |9 383873 |a BIBEDU |b BIBEDU |d 2019-11-22 |i 4132718 |o 413 GOM 2005 |p 4132718 |r 2019-11-22 |w 2019-11-22 |y BK |k LIT | ||
| 952 | |0 0 |1 0 |4 0 |6 413_000000000000000_GOM_2005 |7 0 |8 A |9 383874 |a BIBEDU |b BIBEDU |d 2019-11-22 |i 4132734 |o 413 GOM 2005 |p 4132734 |r 2019-11-22 |w 2019-11-22 |y BK |k LIT | ||
| 952 | |0 0 |1 0 |4 0 |6 413_000000000000000_GOM_2005 |7 0 |8 A |9 383875 |a BIBEDU |b BIBEDU |d 2019-11-22 |i 4132742 |l 3 |o 413 GOM 2005 |p 4132742 |r 2023-08-17 |s 2023-08-10 |w 2019-11-22 |y BK |k LIT | ||
| 952 | |0 0 |1 0 |4 0 |6 413_000000000000000_GOM_2005 |7 0 |8 A |9 383876 |a BIBEDU |b BIBEDU |d 2019-11-22 |i 4132750 |o 413 GOM 2005 |p 4132750 |r 2019-11-22 |w 2019-11-22 |y BK |k LIT | ||
| 952 | |0 0 |1 0 |4 0 |6 413_000000000000000_GOM_2005 |7 0 |8 A |9 383877 |a BIBEDU |b BIBEDU |d 2019-11-22 |i 4132769 |o 413 GOM 2005 |p 4132769 |r 2019-11-22 |w 2019-11-22 |y BK |k LIT | ||
| 952 | |0 0 |1 0 |4 0 |6 413_000000000000000_GOM_2005 |7 0 |8 A |9 383878 |a BIBEDU |b BIBEDU |d 2019-11-22 |i 4132777 |o 413 GOM 2005 |p 4132777 |r 2019-11-22 |w 2019-11-22 |y BK |k LIT | ||
| 952 | |0 0 |1 0 |4 0 |6 413_000000000000000_GOM_2005 |7 0 |8 A |9 383879 |a BIBEDU |b BIBEDU |d 2019-11-22 |i 4132785 |o 413 GOM 2005 |p 4132785 |r 2019-11-22 |w 2019-11-22 |y BK |k LIT | ||
| 952 | |0 0 |1 0 |4 0 |6 413_000000000000000_GOM_2005 |7 0 |8 A |9 383880 |a BIBEDU |b BIBEDU |d 2019-11-22 |i 4132793 |l 2 |o 413 GOM 2005 |p 4132793 |r 2023-08-18 |s 2023-08-17 |w 2019-11-22 |y BK |k LIT | ||
| 952 | |0 0 |1 0 |4 0 |6 413_000000000000000_GOM_2005 |7 0 |8 A |9 383881 |a BIBEDU |b BIBEDU |d 2019-11-22 |i 4132807 |o 413 GOM 2005 |p 4132807 |r 2019-11-22 |w 2019-11-22 |y BK |k LIT | ||
| 952 | |0 0 |1 0 |4 0 |6 413_000000000000000_GOM_2005 |7 0 |8 X |9 383882 |a BIBCUR |b BIBCUR |d 2019-11-22 |i 4132696 |o 413 GOM 2005 |p 4132696 |r 2025-04-22 |w 2019-11-22 |y BK_X |k BCB | ||
| 952 | |0 0 |1 0 |4 0 |6 413_000000000000000_GOM_2005 |7 0 |8 A |9 383883 |a BIBHIS |b BIBHIS |d 2019-11-22 |i 413270K |o 413 GOM 2005 |p 413270K |r 2025-01-20 |w 2019-11-22 |y BK |k HIS | ||
| 952 | |0 0 |1 0 |4 0 |6 413_000000000000000_GOM_2005 |7 0 |8 A |9 383884 |a FDOPOS |b FDOPOS |d 2019-11-22 |i 4132920 |o 413 GOM 2005 |p 4132920 |r 2025-01-22 |w 2019-11-22 |y BK |k MLA | ||
| 952 | |0 0 |1 0 |4 0 |6 413_000000000000000_GOM_2005 |7 0 |8 A |9 383885 |a FDOPOS |b FDOPOS |d 2019-11-22 |i 4132939 |o 413 GOM 2005 |p 4132939 |r 2025-01-22 |w 2019-11-22 |y BK |k MLA | ||
| 952 | |0 0 |1 0 |4 0 |6 413_000000000000000_GOM_2005 |7 0 |8 A |9 383886 |a FDOPOS |b FDOPOS |d 2019-11-22 |i 4132947 |o 413 GOM 2005 |p 4132947 |r 2025-01-22 |w 2019-11-22 |y BK |k MLA | ||
| 952 | |0 0 |1 0 |4 0 |6 413_000000000000000_GOM_2005 |7 0 |8 A |9 383887 |a FDOPOS |b FDOPOS |d 2019-11-22 |i 4132955 |o 413 GOM 2005 |p 4132955 |r 2025-01-22 |w 2019-11-22 |y BK |k MLA | ||
| 952 | |0 0 |1 0 |4 0 |6 413_000000000000000_GOM_2005 |7 0 |8 A |9 383888 |a FDOPOS |b FDOPOS |d 2019-11-22 |i 4132963 |o 413 GOM 2005 |p 4132963 |r 2025-01-22 |w 2019-11-22 |y BK |k MLA | ||
| 952 | |0 0 |1 0 |4 0 |6 413_000000000000000_GOM_2005 |7 0 |8 A |9 383889 |a BIBEDU |b BIBEDU |d 2019-11-22 |i 4132815 |o 413 GOM 2005 |p 4132815 |r 2019-11-22 |w 2019-11-22 |y BK |k EDU | ||
| 952 | |0 0 |1 0 |4 0 |6 413_000000000000000_GOM_2005 |7 0 |8 A |9 383890 |a BIBEDU |b BIBEDU |d 2019-11-22 |i 4132823 |l 3 |o 413 GOM 2005 |p 4132823 |r 2023-08-22 |s 2023-08-17 |w 2019-11-22 |y BK |k EDU | ||
| 952 | |0 0 |1 0 |4 0 |6 413_000000000000000_GOM_2005 |7 0 |8 A |9 383891 |a BIBEDU |b BIBEDU |d 2019-11-22 |i 4132831 |o 413 GOM 2005 |p 4132831 |r 2019-11-22 |w 2019-11-22 |y BK |k EDU | ||
| 952 | |0 0 |1 0 |4 0 |6 413_000000000000000_GOM_2005 |7 0 |8 A |9 383892 |a BIBEDU |b BIBEDU |d 2019-11-22 |i 413284K |o 413 GOM 2005 |p 413284K |r 2019-11-22 |w 2019-11-22 |y BK |k EDU | ||
| 952 | |0 0 |1 0 |4 0 |6 413_000000000000000_GOM_2005 |7 0 |8 A |9 383893 |a BIBEDU |b BIBEDU |d 2019-11-22 |i 4132858 |o 413 GOM 2005 |p 4132858 |r 2019-11-22 |w 2019-11-22 |y BK |k EDU | ||
| 952 | |0 0 |1 0 |4 0 |6 413_000000000000000_GOM_2005 |7 0 |8 A |9 383894 |a BIBEDU |b BIBEDU |d 2019-11-22 |i 4132866 |o 413 GOM 2005 |p 4132866 |r 2019-11-22 |w 2019-11-22 |y BK |k EDU | ||
| 952 | |0 0 |1 0 |4 0 |6 413_000000000000000_GOM_2005 |7 0 |8 A |9 383895 |a BIBEDU |b BIBEDU |d 2019-11-22 |i 4132874 |l 3 |o 413 GOM 2005 |p 4132874 |r 2024-06-18 |s 2024-06-05 |w 2019-11-22 |y BK |k EDU | ||
| 952 | |0 0 |1 0 |4 0 |6 413_000000000000000_GOM_2005 |7 0 |8 A |9 383896 |a BIBEDU |b BIBEDU |d 2019-11-22 |i 4132882 |l 1 |o 413 GOM 2005 |p 4132882 |r 2023-08-16 |s 2023-08-10 |w 2019-11-22 |y BK |k EDU | ||
| 952 | |0 0 |1 0 |4 0 |6 413_000000000000000_GOM_2005 |7 0 |8 A |9 383897 |a BIBEDU |b BIBEDU |d 2019-11-22 |i 4132890 |l 2 |o 413 GOM 2005 |p 4132890 |r 2023-08-21 |s 2023-08-21 |w 2019-11-22 |y BK |k EDU | ||
| 952 | |0 0 |1 0 |4 0 |6 413_000000000000000_GOM_2005 |7 0 |8 A |9 383898 |a BIBEDU |b BIBEDU |d 2019-11-22 |i 4132904 |l 1 |o 413 GOM 2005 |p 4132904 |r 2023-08-16 |s 2023-08-10 |w 2019-11-22 |y BK |k EDU | ||
| 952 | |0 0 |1 0 |4 0 |6 413_000000000000000_GOM_2005 |7 0 |8 A |9 383899 |a BIBEDU |b BIBEDU |d 2019-11-22 |i 4142802 |o 413 GOM 2005 |p 4142802 |r 2019-11-22 |w 2019-11-22 |y BK |k EDU | ||
| 952 | |0 0 |1 0 |4 0 |6 413_000000000000000_GOM_2005 |7 0 |8 A |9 383900 |a BIBEDU |b BIBEDU |d 2019-11-22 |i 4142810 |o 413 GOM 2005 |p 4142810 |r 2019-11-22 |w 2019-11-22 |y BK |k EDU | ||
| 952 | |0 0 |1 0 |4 0 |6 413_000000000000000_GOM_2005 |7 0 |8 A |9 383901 |a BIBEDU |b BIBEDU |d 2019-11-22 |i 4142829 |o 413 GOM 2005 |p 4142829 |r 2019-11-22 |w 2019-11-22 |y BK |k EDU | ||
| 952 | |0 0 |1 0 |4 0 |6 413_000000000000000_GOM_2005 |7 0 |8 A |9 383902 |a BIBEDU |b BIBEDU |d 2019-11-22 |i 4142837 |o 413 GOM 2005 |p 4142837 |r 2019-11-22 |w 2019-11-22 |y BK |k EDU | ||
| 952 | |0 0 |1 0 |4 0 |6 413_000000000000000_GOM_2005 |7 0 |8 A |9 383903 |a BIBEDU |b BIBEDU |d 2019-11-22 |i 4142845 |o 413 GOM 2005 |p 4142845 |r 2019-11-22 |w 2019-11-22 |y BK |k EDU | ||
| 952 | |0 0 |1 0 |4 0 |6 413_000000000000000_GOM_2005 |7 0 |8 A |9 383904 |a BIBEDU |b BIBEDU |d 2019-11-22 |i 4142853 |o 413 GOM 2005 |p 4142853 |r 2019-11-22 |w 2019-11-22 |y BK |k EDU | ||
| 952 | |0 0 |1 0 |4 0 |6 413_000000000000000_GOM_2005 |7 0 |8 A |9 383905 |a BIBEDU |b BIBEDU |d 2019-11-22 |i 4142861 |o 413 GOM 2005 |p 4142861 |r 2019-11-22 |w 2019-11-22 |y BK |k EDU | ||
| 952 | |0 0 |1 0 |4 0 |6 413_000000000000000_GOM_2005 |7 0 |8 A |9 383906 |a BIBEDU |b BIBEDU |d 2019-11-22 |i 414287K |o 413 GOM 2005 |p 414287K |r 2019-11-22 |w 2019-11-22 |y BK |k EDU | ||
| 952 | |0 0 |1 0 |4 0 |6 413_000000000000000_GOM_2005 |7 0 |8 A |9 383907 |a BIBEDU |b BIBEDU |d 2019-11-22 |i 4142888 |o 413 GOM 2005 |p 4142888 |r 2019-11-22 |w 2019-11-22 |y BK |k EDU | ||
| 952 | |0 0 |1 0 |4 0 |6 413_000000000000000_GOM_2005 |7 0 |8 A |9 383908 |a BIBEDU |b BIBEDU |d 2019-11-22 |i 4142896 |o 413 GOM 2005 |p 4142896 |r 2019-11-22 |w 2019-11-22 |y BK |k EDU | ||
| 952 | |0 0 |1 0 |4 0 |6 413_000000000000000_GOM_2005 |7 0 |8 A |9 383909 |a BIBEDU |b BIBEDU |d 2019-11-22 |i 4142500 |o 413 GOM 2005 |p 4142500 |r 2019-11-22 |w 2019-11-22 |y BK |k LIT | ||
| 952 | |0 0 |1 0 |4 0 |6 413_000000000000000_GOM_2005 |7 0 |8 A |9 383910 |a BIBEDU |b BIBEDU |d 2019-11-22 |i 4142519 |o 413 GOM 2005 |p 4142519 |r 2019-11-22 |w 2019-11-22 |y BK |k LIT | ||
| 952 | |0 0 |1 0 |4 0 |6 413_000000000000000_GOM_2005 |7 0 |8 A |9 383911 |a BIBEDU |b BIBEDU |d 2019-11-22 |i 4142527 |o 413 GOM 2005 |p 4142527 |r 2019-11-22 |w 2019-11-22 |y BK |k LIT | ||
| 952 | |0 0 |1 0 |4 0 |6 413_000000000000000_GOM_2005 |7 0 |8 A |9 383912 |a BIBEDU |b BIBEDU |d 2019-11-22 |i 4142535 |o 413 GOM 2005 |p 4142535 |r 2019-11-22 |w 2019-11-22 |y BK |k LIT | ||
| 952 | |0 0 |1 0 |4 0 |6 413_000000000000000_GOM_2005 |7 0 |8 A |9 383913 |a BIBEDU |b BIBEDU |d 2019-11-22 |i 4142543 |o 413 GOM 2005 |p 4142543 |r 2019-11-22 |w 2019-11-22 |y BK |k LIT | ||
| 952 | |0 0 |1 0 |4 0 |6 413_000000000000000_GOM_2005 |7 0 |8 A |9 383914 |a BIBEDU |b BIBEDU |d 2019-11-22 |i 4142551 |o 413 GOM 2005 |p 4142551 |r 2019-11-22 |w 2019-11-22 |y BK |k LIT | ||
| 952 | |0 0 |1 0 |4 0 |6 413_000000000000000_GOM_2005 |7 0 |8 A |9 383915 |a BIBEDU |b BIBEDU |d 2019-11-22 |i 414256K |l 1 |o 413 GOM 2005 |p 414256K |r 2023-08-17 |s 2023-08-10 |w 2019-11-22 |y BK |k LIT | ||
| 952 | |0 0 |1 0 |4 0 |6 413_000000000000000_GOM_2005 |7 0 |8 A |9 383916 |a BIBEDU |b BIBEDU |d 2019-11-22 |i 4142578 |o 413 GOM 2005 |p 4142578 |r 2019-11-22 |w 2019-11-22 |y BK |k LIT | ||
| 952 | |0 0 |1 0 |4 0 |6 413_000000000000000_GOM_2005 |7 0 |8 A |9 383917 |a BIBEDU |b BIBEDU |d 2019-11-22 |i 4142586 |o 413 GOM 2005 |p 4142586 |r 2019-11-22 |w 2019-11-22 |y BK |k LIT | ||
| 952 | |0 0 |1 0 |4 0 |6 413_000000000000000_GOM_2005 |7 0 |8 A |9 383918 |a BIBEDU |b BIBEDU |d 2019-11-22 |i 4142594 |l 2 |o 413 GOM 2005 |p 4142594 |r 2023-09-05 |s 2023-08-30 |w 2019-11-22 |y BK |k LIT | ||
| 952 | |0 0 |1 0 |4 0 |6 413_000000000000000_GOM_2005 |7 0 |8 A |9 383919 |a BIBEDU |b BIBEDU |d 2019-11-22 |i 4142608 |o 413 GOM 2005 |p 4142608 |r 2019-11-22 |w 2019-11-22 |y BK |k LIT | ||
| 952 | |0 0 |1 0 |4 0 |6 413_000000000000000_GOM_2005 |7 0 |8 A |9 383920 |a BIBEDU |b BIBEDU |d 2019-11-22 |i 4142616 |o 413 GOM 2005 |p 4142616 |r 2019-11-22 |w 2019-11-22 |y BK |k LIT | ||
| 952 | |0 0 |1 0 |4 0 |6 413_000000000000000_GOM_2005 |7 0 |8 A |9 383921 |a BIBEDU |b BIBEDU |d 2019-11-22 |i 4142624 |l 1 |o 413 GOM 2005 |p 4142624 |r 2023-08-23 |s 2023-08-16 |w 2019-11-22 |y BK |k LIT | ||
| 952 | |0 0 |1 0 |4 0 |6 413_000000000000000_GOM_2005 |7 0 |8 A |9 383922 |a BIBEDU |b BIBEDU |d 2019-11-22 |i 4142632 |l 1 |o 413 GOM 2005 |p 4142632 |r 2023-08-11 |s 2023-08-10 |w 2019-11-22 |y BK |k LIT | ||
| 952 | |0 0 |1 0 |4 0 |6 413_000000000000000_GOM_2005 |7 0 |8 A |9 383923 |a BIBEDU |b BIBEDU |d 2019-11-22 |i 4142640 |o 413 GOM 2005 |p 4142640 |r 2019-11-22 |w 2019-11-22 |y BK |k LIT | ||
| 952 | |0 0 |1 0 |4 0 |6 413_000000000000000_GOM_2005 |7 0 |8 A |9 383924 |a BIBEDU |b BIBEDU |d 2019-11-22 |i 4142659 |o 413 GOM 2005 |p 4142659 |r 2019-11-22 |w 2019-11-22 |y BK |k LIT | ||
| 952 | |0 0 |1 0 |4 0 |6 413_000000000000000_GOM_2005 |7 0 |8 A |9 383925 |a BIBEDU |b BIBEDU |d 2019-11-22 |i 4142667 |o 413 GOM 2005 |p 4142667 |r 2019-11-22 |w 2019-11-22 |y BK |k LIT | ||
| 952 | |0 0 |1 0 |4 0 |6 413_000000000000000_GOM_2005 |7 0 |8 A |9 383926 |a BIBEDU |b BIBEDU |d 2019-11-22 |i 4142675 |o 413 GOM 2005 |p 4142675 |r 2019-11-22 |w 2019-11-22 |y BK |k LIT | ||
| 952 | |0 0 |1 0 |4 0 |6 413_000000000000000_GOM_2005 |7 0 |8 A |9 383927 |a BIBEDU |b BIBEDU |d 2019-11-22 |i 4142683 |o 413 GOM 2005 |p 4142683 |r 2019-11-22 |w 2019-11-22 |y BK |k LIT | ||
| 952 | |0 0 |1 0 |4 0 |6 413_000000000000000_GOM_2005 |7 0 |8 A |9 383928 |a BIBEDU |b BIBEDU |d 2019-11-22 |i 4142705 |o 413 GOM 2005 |p 4142705 |r 2019-11-22 |w 2019-11-22 |y BK |k LIT | ||
| 952 | |0 0 |1 0 |4 0 |6 413_000000000000000_GOM_2005 |7 0 |8 A |9 383929 |a BIBEDU |b BIBEDU |d 2019-11-22 |i 4142713 |o 413 GOM 2005 |p 4142713 |r 2019-11-22 |w 2019-11-22 |y BK |k LIT | ||
| 952 | |0 0 |1 0 |4 0 |6 413_000000000000000_GOM_2005 |7 0 |8 A |9 383930 |a BIBEDU |b BIBEDU |d 2019-11-22 |i 4142721 |o 413 GOM 2005 |p 4142721 |r 2019-11-22 |w 2019-11-22 |y BK |k LIT | ||
| 952 | |0 0 |1 0 |4 0 |6 413_000000000000000_GOM_2005 |7 0 |8 A |9 383931 |a BIBEDU |b BIBEDU |d 2019-11-22 |i 414273K |o 413 GOM 2005 |p 414273K |r 2019-11-22 |w 2019-11-22 |y BK |k LIT | ||
| 952 | |0 0 |1 0 |4 0 |6 413_000000000000000_GOM_2005 |7 0 |8 A |9 383932 |a BIBEDU |b BIBEDU |d 2019-11-22 |i 4142748 |l 1 |o 413 GOM 2005 |p 4142748 |r 2023-08-16 |s 2023-08-10 |w 2019-11-22 |y BK |k LIT | ||
| 952 | |0 0 |1 0 |4 0 |6 413_000000000000000_GOM_2005 |7 0 |8 A |9 383933 |a BIBEDU |b BIBEDU |d 2019-11-22 |i 4142756 |o 413 GOM 2005 |p 4142756 |r 2019-11-22 |w 2019-11-22 |y BK |k LIT | ||
| 952 | |0 0 |1 0 |4 0 |6 413_000000000000000_GOM_2005 |7 0 |8 A |9 383934 |a BIBEDU |b BIBEDU |d 2019-11-22 |i 4142764 |o 413 GOM 2005 |p 4142764 |r 2019-11-22 |w 2019-11-22 |y BK |k LIT | ||
| 952 | |0 0 |1 0 |4 0 |6 413_000000000000000_GOM_2005 |7 0 |8 A |9 383935 |a BIBEDU |b BIBEDU |d 2019-11-22 |i 4142772 |o 413 GOM 2005 |p 4142772 |r 2019-11-22 |w 2019-11-22 |y BK |k LIT | ||
| 952 | |0 0 |1 0 |4 0 |6 413_000000000000000_GOM_2005 |7 0 |8 A |9 383936 |a BIBEDU |b BIBEDU |d 2019-11-22 |i 4142780 |o 413 GOM 2005 |p 4142780 |r 2019-11-22 |w 2019-11-22 |y BK |k LIT | ||
| 952 | |0 0 |1 0 |4 0 |6 413_000000000000000_GOM_2005 |7 0 |8 A |9 383937 |a BIBEDU |b BIBEDU |d 2019-11-22 |i 4142799 |o 413 GOM 2005 |p 4142799 |r 2019-11-22 |w 2019-11-22 |y BK |k LIT | ||
| 952 | |0 0 |1 0 |4 0 |6 413_000000000000000_GOM_2005 |7 0 |8 A |9 383938 |a FDOPOS |b BIBEDU |d 2019-11-22 |i 414290K |l 2 |o 413 GOM 2005 |p 414290K |r 2025-01-22 |s 2020-10-12 |w 2019-11-22 |y BK |k MLA | ||
| 952 | |0 0 |1 0 |4 0 |6 413_000000000000000_GOM_2005 |7 0 |8 A |9 383939 |a FDOPOS |b FDOPOS |d 2019-11-22 |i 4142918 |o 413 GOM 2005 |p 4142918 |r 2025-01-22 |w 2019-11-22 |y BK |k MLA | ||
| 952 | |0 0 |1 0 |4 0 |6 413_000000000000000_GOM_2005 |7 0 |8 A |9 383940 |a FDOPOS |b FDOPOS |d 2019-11-22 |i 4142926 |o 413 GOM 2005 |p 4142926 |r 2025-01-22 |w 2019-11-22 |y BK |k MLA | ||
| 952 | |0 0 |1 0 |4 0 |6 413_000000000000000_GOM_2005 |7 0 |8 A |9 383941 |a FDOPOS |b FDOPOS |d 2019-11-22 |i 4142934 |o 413 GOM 2005 |p 4142934 |r 2025-01-22 |w 2019-11-22 |y BK |k MLA | ||
| 952 | |0 0 |1 0 |4 0 |6 413_000000000000000_GOM_2005 |7 0 |8 A |9 383942 |a FDOPOS |b BIBEDU |d 2019-11-22 |i 4142942 |l 2 |o 413 GOM 2005 |p 4142942 |r 2025-01-22 |s 2022-08-17 |w 2019-11-22 |y BK |k MLA | ||
| 952 | |0 0 |1 0 |4 0 |6 413_000000000000000_GOM_2005 |7 0 |8 A |9 383943 |a FDOPOS |b FDOPOS |d 2019-11-22 |i 4142950 |o 413 GOM 2005 |p 4142950 |r 2025-01-22 |w 2019-11-22 |y BK |k MLA | ||
| 952 | |0 0 |1 0 |4 0 |6 413_000000000000000_GOM_2005 |7 0 |8 A |9 383944 |a FDOPOS |b FDOPOS |d 2019-11-22 |i 4142969 |o 413 GOM 2005 |p 4142969 |r 2025-01-22 |w 2019-11-22 |y BK |k MLA | ||
| 952 | |0 0 |1 0 |4 0 |6 413_000000000000000_GOM_2005 |7 0 |8 A |9 383945 |a FDOPOS |b FDOPOS |d 2019-11-22 |i 4142977 |o 413 GOM 2005 |p 4142977 |r 2025-01-22 |w 2019-11-22 |y BK |k MLA | ||
| 952 | |0 0 |1 0 |4 0 |6 413_000000000000000_GOM_2005 |7 0 |8 A |9 383946 |a FDOPOS |b FDOPOS |d 2019-11-22 |i 4142985 |o 413 GOM 2005 |p 4142985 |r 2025-01-22 |w 2019-11-22 |y BK |k MLA | ||
| 952 | |0 0 |1 0 |4 0 |6 413_000000000000000_GOM_2005 |7 0 |8 A |9 383947 |a FDOPOS |b FDOPOS |d 2019-11-22 |i 4142993 |o 413 GOM 2005 |p 4142993 |r 2025-01-22 |w 2019-11-22 |y BK |k MLA | ||
| 952 | |0 0 |1 0 |4 0 |6 413_000000000000000_GOM_2005 |7 0 |8 A |9 383948 |a FDOPOS |b BIBEDU |d 2019-11-22 |i 4143000 |l 1 |o 413 GOM 2005 |p 4143000 |r 2025-01-22 |s 2023-08-11 |w 2019-11-22 |y BK |k MLA | ||
| 952 | |0 0 |1 0 |4 0 |6 413_000000000000000_GOM_2005 |7 0 |8 A |9 383949 |a FDOPOS |b FDOPOS |d 2019-11-22 |i 4143019 |o 413 GOM 2005 |p 4143019 |r 2025-01-22 |w 2019-11-22 |y BK |k MLA | ||
| 952 | |0 0 |1 0 |4 0 |6 413_000000000000000_GOM_2005 |7 0 |8 A |9 383950 |a FDOPOS |b FDOPOS |d 2019-11-22 |i 4143027 |o 413 GOM 2005 |p 4143027 |r 2025-01-22 |w 2019-11-22 |y BK |k MLA | ||
| 952 | |0 0 |1 0 |4 0 |6 413_000000000000000_GOM_2005 |7 0 |8 A |9 383951 |a FDOPOS |b FDOPOS |d 2019-11-22 |i 4143035 |o 413 GOM 2005 |p 4143035 |r 2025-01-22 |w 2019-11-22 |y BK |k MLA | ||
| 952 | |0 0 |1 0 |4 0 |6 413_000000000000000_GOM_2005 |7 0 |8 A |9 383952 |a FDOPOS |b FDOPOS |d 2019-11-22 |i 4143043 |o 413 GOM 2005 |p 4143043 |r 2025-01-22 |w 2019-11-22 |y BK |k MLA | ||
| 952 | |0 0 |1 0 |4 0 |6 413_000000000000000_GOM_2005 |7 0 |8 A |9 383953 |a BIBTEO |b BIBTEO |d 2019-11-22 |i 4149165 |o 413 GOM 2005 |p 4149165 |r 2025-01-17 |w 2019-11-22 |y BK |k ICR | ||
| 952 | |0 0 |1 0 |4 0 |6 413_000000000000000_GOM_2005 |7 0 |8 A |9 383954 |a FDOPOS |b FDOPOS |d 2019-11-22 |i 4316045 |o 413 GOM 2005 |p 4316045 |r 2025-01-22 |w 2019-11-22 |y BK |k MLA | ||
| 952 | |0 0 |1 0 |4 0 |6 413_000000000000000_GOM_2005 |7 0 |8 A |9 383955 |a FDOPOS |b FDOPOS |d 2019-11-22 |i 4316053 |o 413 GOM 2005 |p 4316053 |r 2025-01-22 |w 2019-11-22 |y BK |k MLA | ||
| 952 | |0 0 |1 0 |4 0 |6 413_000000000000000_GOM_2005 |7 0 |8 A |9 383956 |a FDOPOS |b FDOPOS |d 2019-11-22 |i 4316061 |o 413 GOM 2005 |p 4316061 |r 2025-01-22 |w 2019-11-22 |y BK |k MLA | ||
| 952 | |0 0 |1 0 |4 0 |6 413_000000000000000_GOM_2005 |7 0 |8 X |9 383957 |a FDOBUD |b FDOBUD |d 2019-11-22 |i 4546326 |o 413 GOM 2005 |p 4546326 |r 2019-11-22 |w 2019-11-22 |y BK_X |k FHP | ||
| 952 | |0 0 |1 0 |2 ddc |4 0 |6 413_000000000000000_GOM_2005 |7 1 |8 C_AGB |9 579798 |a BIBDER |b BIBDER |d 2021-12-27 |e Donación |i 5631297 |o 413 GOM 2005 |p 5631297 |r 2023-01-25 |t 114 |y BK_US |k AGB | ||